000 00607nam a22001937a 4500
003 OSt
005 20260512051311.0
008 260212b |||||||| |||| 00| 0 eng d
020 _a9781579909130
040 _aDWCL-Main Lib
_cOC
082 _aCirc. 746.434 Sc299 2008
100 _aSchapper, Linda
245 _a300 classic blocks for crochet projects /
_cSchapper, Linda
260 _aNew York :
_bLark Books,
_cc2008
300 _a256 pages :
_bcol. or illustrations ;
_c26 cm.
504 _a1. Includes index.
650 _aCrochetting - Patterns.
942 _2ddc
_cBK-CIRC
_eRevised edition.
_mCirc.
_n0
999 _c8363
_d8363